[Event "16th Unive Open"]
[Site "Hoogeveen NED"]
[Date "2012.10.22"]
[Round "4"]
[White "Willemze,T"]
[Black "Kasparov,S"]
[Result "1-0"]
[WhiteElo "2377"]
[BlackElo "2476"]

1.e4 d5 2.exd5 Qxd5 3.Nc3 Qd6 4.d4 Nf6 5.Nf3 c6 6.Ne5 Nbd7 7.Nc4 Qc7 8.Qf3 Nb6
9.Bf4 Qd8 10.Be5 Be6 11.Ne3 Nfd7 12.Bg3 Nf6 13.O-O-O g6 14.Be5 Nbd7 15.Bxf6 Nxf6
16.d5 Bd7 17.Ne4 Bg7 18.Bc4 O-O 19.Bb3 Nxe4 20.Qxe4 a5 21.dxc6 bxc6 22.a4 Ra7
23.h4 e6 24.Nc4 Qf6 25.f4 Rb8 26.Rd6 Be8 27.Rhd1 Qxh4 28.Qe3 Qe7 29.g4 Bf8
30.g5 h5 31.gxh6 Bxh6 32.Ne5 Kf8 33.Kb1 Rc7 34.Qh3 Bg7 35.Nxg6+ fxg6 36.Rxe6 Qf7
37.Rde1 Bd7 38.f5 gxf5 39.Rh6 Rxb3 40.Rh8+ Bxh8 41.Qxh8+ Qg8 42.Qf6+ Qf7
43.Qd6+  1-0

[Event "4th Marcel Duchamp Open"]
[Site "Buenos Aires ARG"]
[Date "2012.10.23"]
[Round "2.5"]
[White "Mayorga,N"]
[Black "Amil Meilan,H"]
[Result "1-0"]
[WhiteElo "2288"]
[BlackElo "2164"]

1.e4 d5 2.exd5 Qxd5 3.Nc3 Qd8 4.d4 Nf6 5.Bc4 Bg4 6.f3 Bh5 7.Nge2 e6 8.Nf4 Bg6
9.h4 Bd6 10.h5 Bxf4 11.hxg6 Bg3+ 12.Kf1 Qe7 13.f4 h5 14.Qf3 h4 15.Qxb7 O-O
16.Qxa8 c6 17.Be3 Nd5 18.Bxd5 exd5 19.Bd2 Qd7 20.Ne2 Na6 21.Qxf8+ Kxf8 22.Nxg3 hxg3
23.Re1 fxg6 24.Rh8+ Kf7 25.Ree8 g5 26.Ref8+ Ke7 27.f5 Qb7 28.Bxg5+ Kd6 29.Bf4+ Ke7
30.Re8+ Kd7 31.Rd8+ Ke7 32.Bg5+  1-0

[Event "16th Unive Open"]
[Site "Hoogeveen NED"]
[Date "2012.10.23"]
[Round "5"]
[White "Padurariu,I"]
[Black "Sadallah,O"]
[Result "1/2-1/2"]
[WhiteElo "2236"]
[BlackElo "2126"]

1.e4 d5 2.exd5 Qxd5 3.Nc3 Qd6 4.d4 Nf6 5.g3 c6 6.Bg2 Bf5 7.Nf3 e6 8.O-O Be7
9.Re1 O-O 10.a3 Qd8 11.Ne5 Nbd7 12.g4 Bg6 13.Nxg6 hxg6 14.Bf4 Nb6 15.Bg3 Bd6
16.f4 Qc7 17.Qf3 Nbd5 18.Ne2 Ne7 19.Kh1 Qb6 20.b4 a5 21.c4 Qa6 22.c5 Bc7
23.Rab1 axb4 24.axb4 Nfd5 25.Rb3 Rfb8 26.f5 gxf5 27.Bxc7 Nxc7 28.Ng3 Qa2
29.gxf5 Nxf5 30.Nxf5 exf5 31.Rg1 Ne6 32.Rd3 Rd8 33.d5 Rxd5 34.Rxd5 cxd5 35.Qxf5 Rd8
36.Rf1 Rd7 37.Qe5 Qc4 38.Qb8+ Nf8 39.Bh3 Re7 40.Qd6 Re6 41.Qc7 Rf6 42.Rxf6  1/2-1/2

[Event "38th Guernsey Open"]
[Site "Guernsey GCI"]
[Date "2012.10.24"]
[Round "4"]
[White "Brookfield,T"]
[Black "Westerkamp,B"]
[Result "1-0"]
[WhiteElo "1824"]
[BlackElo "2059"]

1.e4 d5 2.exd5 Qxd5 3.Nc3 Qd8 4.d4 Nf6 5.Nf3 Bg4 6.Be2 e6 7.h3 Bxf3 8.Bxf3 c6
9.O-O Nbd7 10.Bf4 Be7 11.Qd2 O-O 12.Rad1 Nd5 13.Bh2 Bb4 14.a3 Nxc3 15.Ra1 Ba5
16.bxc3 Nf6 17.Rab1 Qd7 18.Qd3 Bc7 19.Be5 Rab8 20.Rfe1 Rfd8 21.Bxc7 Qxc7
22.c4 Qf4 23.c3 Qd6 24.Qe3 Qxa3 25.Ra1 Qb3 26.Be2 Qb6 27.Reb1 Qc7 28.Rxa7 Nd7
29.Bd3 Nb6 30.d5 Nc8 31.Ra4 exd5 32.cxd5 cxd5 33.Rh4 h6 34.Rbb4 Nd6 35.Rbg4 f5
36.Qe6+ Qf7 37.Rxg7+  1-0

[Event "38th Guernsey Open"]
[Site "Guernsey GCI"]
[Date "2012.10.24"]
[Round "4"]
[White "Hamperl,F"]
[Black "Wager,John D"]
[Result "0-1"]
[WhiteElo "2130"]
[BlackElo "2023"]

1.e4 d5 2.exd5 Qxd5 3.Nc3 Qd6 4.d4 Nf6 5.Nf3 a6 6.Bd3 Nbd7 7.O-O e6 8.Re1 Be7
9.Ne2 b5 10.Bf4 Qb6 11.c3 Bb7 12.Ne5 Rd8 13.b4 O-O 14.Qc2 h6 15.Ng3 Nd5 16.Bd2 Nxe5
17.Rxe5 Qc6 18.f3 Bf6 19.Rh5 Nxb4 20.Bh7+ Kh8 21.Qb1 Nd5 22.Bxh6 Qxc3 23.Bg8 Kxg8
24.Ne2 Bxd4+ 25.Nxd4 Qxd4+ 26.Kh1 gxh6 27.Rxh6 Qg7 28.Rh3 Nf4 29.Rg3 Ng6
30.h4 Rd5  0-1

[Event "39th ch-IND Premier w 2012"]
[Site "Jalgaon IND"]
[Date "2012.10.26"]
[Round "3.9"]
[White "Priya,P"]
[Black "Swati,M"]
[Result "1-0"]
[WhiteElo "2165"]
[BlackElo "2051"]

1.e4 d5 2.exd5 Qxd5 3.Nc3 Qd6 4.d4 Nf6 5.Nf3 c6 6.Ne5 Be6 7.Bf4 Nd5 8.Qd2 Nxf4
9.Qxf4 f6 10.Nd3 Na6 11.Qe3 Bf5 12.O-O-O O-O-O 13.d5 c5 14.Be2 g5 15.a4 h5
16.Nb5 Qb6 17.Ne5 fxe5 18.Qxe5 Bxc2 19.a5 Bg7 20.Qg3 Bxb2+ 21.Kxb2 Qf6+ 22.Kxc2 Nb4+
23.Kb3 Qf4 24.Qxf4 gxf4 25.Bf3 Kb8 26.Rhe1 Rh7 27.Kc4 Na6 28.Re4 Rf8 29.Rde1 h4
30.Rxe7  1-0

[Event "4th Marcel Duchamp Open"]
[Site "Buenos Aires ARG"]
[Date "2012.10.27"]
[Round "5.24"]
[White "Gomez Camacho,Micaela"]
[Black "Gimenez,Martin"]
[Result "0-1"]
[WhiteElo "1721"]
[BlackElo "2037"]

1.e4 d5 2.exd5 Qxd5 3.Nc3 Qd6 4.d4 c6 5.Nf3 Bg4 6.Be2 Nf6 7.h3 Bh5 8.g4 Bg6
9.Ne5 Nbd7 10.f4 e6 11.Bf3 Nb6 12.g5 Nfd7 13.Ne4 Qc7 14.Qe2 O-O-O 15.Bd2 Nxe5
16.dxe5 Bxe4 17.Bxe4 Na4 18.O-O Nxb2 19.Be3 Qa5 20.Rab1 Na4 21.Rbd1 Bc5 22.Qf2 Nc3
23.Rxd8+ Rxd8 24.Bd3 Bxe3 25.Qxe3 Nd5 26.Qf3 Qc5+ 27.Qf2 Qxf2+ 28.Rxf2 Nb4
29.Bc4 b5 30.Bb3 c5 31.c4 a6 32.Kg2 Kc7 33.Re2 Rd4  0-1

[Event "Chigorin Memorial"]
[Site "St Petersburg RUS"]
[Date "2012.10.27"]
[Round "1.165"]
[White "Zhurikhin,A"]
[Black "Demura,Anna"]
[Result "1-0"]
[WhiteElo "2254"]
[BlackElo "1652"]

1.e4 d5 2.exd5 Qxd5 3.Nc3 Qd6 4.d4 Nf6 5.Nf3 Bg4 6.h3 Bh5 7.g4 Bg6 8.Ne5 c6
9.Bg2 e6 10.h4 h6 11.Nxg6 fxg6 12.Qd3 Qe7 13.Qxg6+ Qf7 14.Qxf7+ Kxf7 15.g5 hxg5
16.Bxg5 Nbd7 17.O-O-O Be7 18.Rde1 Rae8 19.Bh3 Bd6 20.Re2 Nf8 21.Rhe1 N6h7
22.Ne4 Be7 23.Re3 Nxg5 24.Nxg5+ Kg8 25.Nxe6 Bd6 26.Re4 Ng6 27.Ng5 Rxe4 28.Rxe4 Rxh4
29.Re8+ Nf8 30.Be6+ Kh8 31.Nf7+ Kh7 32.Nxd6  1-0

[Event "TCh-FIN SM 2012-13"]
[Site "Tampere FIN"]
[Date "2012.10.27"]
[Round "4.1"]
[White "Ebeling,M"]
[Black "Karttunen,M"]
[Result "0-1"]
[WhiteElo "2273"]
[BlackElo "2448"]

1.e4 d5 2.exd5 Qxd5 3.Nc3 Qd6 4.d4 Nf6 5.Nf3 g6 6.Bc4 Bg7 7.O-O O-O 8.Be3 a6
9.a4 Nc6 10.h3 Qb4 11.Bb3 Na5 12.Nd5 Nxd5 13.Bd2 Qd6 14.Bxa5 b6 15.Bd2 Bb7
16.Re1 c5 17.dxc5 Qxc5 18.c3 Qc7 19.Qe2 e6 20.Qc4 Qc5 21.Qh4 Rfe8 22.Bh6 Nf6
23.Be3 Qc7 24.Bd4 Bxf3 25.Bxf6 Bb7 26.Bxg7 Kxg7 27.Qc4 Qc5 28.Qxc5 bxc5 29.Rad1 Rab8
30.Bc4 Red8 31.b4 cxb4 32.cxb4 Bd5 33.Bxa6 Rxb4 34.Bb5 Kf6 35.Rb1 Rxb1 36.Rxb1 Rc8
37.a5 Ke5 38.a6 Kd6 39.Bf1 Kc7 40.f4 Kd6 41.Rb2 h5 42.Kf2 h4 43.Be2 Rc3 44.Bf3 Ra3
45.Be2 f6 46.Bf1 Ra4 47.g3 hxg3+ 48.Kxg3 Ra3+ 49.Kg4 Kc5 50.Rc2+ Kd6 51.Rb2 Ra4
52.Kg3 Kc5 53.Rc2+ Kd4 54.Rd2+ Kc3 55.Rd3+ Kc2 56.Re3 Kd2 57.Re2+ Kc3 58.Re1 Ra2
59.Rd1 Kc2 60.Re1 Ra3+ 61.Kg4 Kd2 62.Re2+ Kd1 63.Rb2 Ke1 64.Bb5 Be4 65.Re2+ Kd1
66.Rh2 Bf5+ 67.Kh4 Kc1 68.Be2 Kd2 69.Bc4+ Kc1 70.Be2 Kd2 71.Bc4+ Ke3 72.Ra2 Rxa2
73.Bxa2 Kxf4 74.a7 Be4 75.Bxe6 Bf3 76.Bg4 Bg2 77.Bd1 Bd5 78.Bc2 f5 79.Bxf5 gxf5
80.Kh5 Kg3 81.Kg5 f4  0-1

[Event "TCh-FIN SM 2012-13"]
[Site "Sastamala FIN"]
[Date "2012.10.28"]
[Round "5.6"]
[White "Satonen,A"]
[Black "Koykka,P"]
[Result "0-1"]
[WhiteElo "2153"]
[BlackElo "2242"]

1.e4 d5 2.exd5 Qxd5 3.Nc3 Qd6 4.d4 Nf6 5.Nf3 g6 6.Bc4 Bg7 7.Nb5 Qb4+ 8.Nd2 Qa5
9.O-O c6 10.Nb3 Qd8 11.Nc3 O-O 12.a4 a5 13.Re1 Na6 14.Bxa6 Rxa6 15.Qe2 Re8
16.Bf4 Ra8 17.Rad1 Bg4 18.f3 Bf5 19.Be5 b6 20.Ne4 Qc8 21.Ng3 Be6 22.c4 Qa6
23.Rc1 Bh6 24.Rc3 Nd7 25.f4 Nxe5 26.fxe5 Red8 27.Rd1 Rd7 28.Qe4 Rad8 29.Qxc6 Rc8
30.Qf3 Bxc4 31.d5 Rcd8 32.d6 Bg7 33.Qc6 Bxb3 34.Rxb3 Bxe5 35.Rxb6 Qa7 36.Kf1 Rxd6
37.Rxd6 Bxd6 38.Ne4 Bb4 39.Ng5 Rd1+ 40.Ke2 Rd2+ 41.Kf3 Qd7 42.Qa8+ Kg7 43.Ne4 Qd3+
44.Kf4 Qf1+ 45.Ke3 Rd3+  0-1

[Event "Chigorin Memorial"]
[Site "St Petersburg RUS"]
[Date "2012.10.28"]
[Round "2.157"]
[White "Androsov,S"]
[Black "Klimshin,Ilia"]
[Result "1-0"]
[WhiteElo "2081"]
[BlackElo "1734"]

1.e4 d5 2.exd5 Qxd5 3.Nc3 Qd6 4.d4 Nf6 5.Nf3 a6 6.Bd3 Nc6 7.Ne4 Nxe4 8.Bxe4 Bg4
9.c3 f5 10.Bc2 Qe6+ 11.Kf1 Qd5 12.Qd3 Bxf3 13.gxf3 g6 14.Bf4 O-O-O 15.Bb3 Qd7
16.Qe2 Kb8 17.Be6 Qe8 18.d5 Na7 19.Qe5 g5 20.Qxh8 gxf4 21.Qxh7 Qb5+ 22.Kg2 Nc8
23.b3 Qd3 24.c4 Qd4 25.Rhd1 Qc3 26.Rac1 Qb2 27.c5 Bg7 28.Qxf5 Rf8 29.Qd3 Qf6
30.b4 Qg5+ 31.Bg4 Rh8 32.b5 Qh4 33.h3 Ka7 34.bxa6 bxa6 35.Rb1  1-0

[Event "Chigorin Memorial"]
[Site "St Petersburg RUS"]
[Date "2012.10.28"]
[Round "2.124"]
[White "Zhelobanov,Roman"]
[Black "Bukhteeva,V"]
[Result "1/2-1/2"]
[WhiteElo "1912"]
[BlackElo "2165"]

1.e4 d5 2.exd5 Qxd5 3.Nc3 Qd6 4.d4 Nf6 5.Be2 a6 6.Bf3 Nc6 7.Nge2 Bf5 8.a3 e6
9.Bf4 Qd7 10.Qd2 O-O-O 11.O-O-O Na5 12.d5 Bc5 13.Ng3 Nc4 14.Qe2 Nd6 15.Bg5 Rde8
16.Bxf6 gxf6 17.Nxf5 exf5 18.Qd2 Ne4 19.Bxe4 fxe4 20.Qf4 f5 21.Rhe1 Rhg8
22.f3 e3 23.Re2 Kb8 24.h3 h5 25.Qc4 Qd6 26.Na4 Ba7 27.Qh4 Rg6 28.c4 Reg8
29.Qxh5 Qf6 30.g4 Rg5 31.Qh4 Rh8 32.Qg3 f4 33.Qg2 Bd4 34.b3 b5 35.Nb2 Bxb2+
36.Rxb2 Qc3+ 37.Qc2 Qxc2+ 38.Rxc2 Rxh3 39.Rf1 Re5 40.Re2 Re8 41.Kc2 Kc8 42.Kd3 Kd7
43.Kd4 f6 44.Kc5 bxc4 45.bxc4  1/2-1/2

[Event "Chigorin Memorial"]
[Site "St Petersburg RUS"]
[Date "2012.10.28"]
[Round "2.70"]
[White "Chekhov,S"]
[Black "Salov,Vi"]
[Result "1-0"]
[WhiteElo "2443"]
[BlackElo "1993"]

1.e4 d5 2.exd5 Qxd5 3.Nc3 Qd6 4.d4 a6 5.Nf3 Bg4 6.h3 Bh5 7.g4 Bg6 8.Ne5 Nc6
9.Nxg6 hxg6 10.d5 O-O-O 11.Bg2 Qe5+ 12.Qe2 Qxe2+ 13.Kxe2 Nd4+ 14.Kd3 e5 15.Be3 c5
16.f4 exf4 17.Bxf4 f5 18.Rae1 Nf6 19.b4 Nc6 20.bxc5 Bxc5 21.Kc4 b6 22.Be3 Na5+
23.Kd3 Nb7 24.Bxc5 Nxc5+ 25.Kc4 Rhe8 26.a4 Nfd7 27.Kd4 Nf6 28.Rxe8 Rxe8 29.a5 Ncd7
30.axb6 Nxb6 31.Ra1 fxg4 32.hxg4 Rd8 33.Rxa6 Kb7 34.Ra1 Nxg4 35.Nb5 Nf6 36.c4 Rh8
37.d6+ Kb8 38.c5 Rh4+ 39.Kd3 Nbd5 40.c6 Nb4+ 41.Kd2 Nxc6 42.Bxc6 Rh2+ 43.Kc1 Rh5
44.Ra8+  1-0

[Event "Chigorin Memorial"]
[Site "St Petersburg RUS"]
[Date "2012.10.28"]
[Round "2.136"]
[White "Hallaeva,B"]
[Black "Khatenever,F"]
[Result "1-0"]
[WhiteElo "2139"]
[BlackElo "1843"]

1.e4 d5 2.exd5 Qxd5 3.Nc3 Qd6 4.d4 c6 5.Nf3 Nf6 6.Bc4 g6 7.Ne5 Be6 8.O-O Bxc4
9.Nxc4 Qc7 10.Re1 Bg7 11.Qf3 O-O 12.Bf4 Qd8 13.Rad1 Nd5 14.Nxd5 cxd5 15.Ne3 e6
16.Ng4 Nc6 17.c3 Qd7 18.h4 f5 19.Nh6+ Bxh6 20.Bxh6 Rfe8 21.Re2 Nd8 22.Rde1 Nf7
23.Bf4 Rac8 24.Qg3 Rc6 25.h5 g5 26.Bxg5 Nxg5 27.Qxg5+ Kf7 28.Qh6 Kg8 29.Re3 Re7
30.Re5 Qe8 31.Qg5+ Kf7 32.h6 Kf8 33.Qf6+ Qf7 34.Qh8+ Qg8 35.Rxf5+ Rf7 36.Rxf7+ Kxf7
37.Qe5 Qg4 38.Re3 Ke7 39.Rg3 Qd1+ 40.Kh2 Rc8 41.Rg7+  1-0

[Event "Chigorin Memorial"]
[Site "St Petersburg RUS"]
[Date "2012.10.28"]
[Round "2.119"]
[White "Hairapetian,A"]
[Black "Volskaya,Vera"]
[Result "1-0"]
[WhiteElo "2185"]
[BlackElo "1929"]

1.e4 d5 2.exd5 Qxd5 3.Nc3 Qd6 4.d4 Nf6 5.h3 c6 6.Nf3 g6 7.Bd3 Bg7 8.O-O O-O
9.Re1 Re8 10.Bg5 h6 11.Be3 Nd5 12.Ne4 Qc7 13.Bd2 Nd7 14.Qc1 Kh7 15.c4 N5f6
16.Bf4 Qd8 17.Ng3 Ng8 18.Qc2 Nf8 19.Rad1 Kh8 20.Ne5 Bxe5 21.Bxe5+ f6 22.Bxg6 fxe5
23.dxe5 Bd7 24.e6 Nxe6 25.Rxe6 Rf8 26.Re3 Nf6 27.Bf5 Qe8 28.Bxd7 Nxd7 29.Qc3+ Nf6
30.Rde1 Qg6 31.Rxe7 Rf7 32.Rxf7 Qxf7 33.Nf5 Qg6 34.Ne7 Qg7 35.Nf5 Qg6 36.Re6 Rf8
37.g4 Rf7 38.f3 h5 39.Ne7 Qg7 40.Qe5 hxg4 41.hxg4 Nh7 42.Ng6+ Kg8 43.Re8+ Nf8
44.Nxf8 Rxf8 45.Qxg7+ Kxg7 46.Rxf8 Kxf8 47.Kf2  1-0

[Event "4th Marcel Duchamp Open"]
[Site "Buenos Aires ARG"]
[Date "2012.10.29"]
[Round "7.11"]
[White "Malbran,G"]
[Black "Gimenez,Martin"]
[Result "1/2-1/2"]
[WhiteElo "2199"]
[BlackElo "2037"]

1.e4 d5 2.exd5 Qxd5 3.Nc3 Qd6 4.d4 Nf6 5.Be3 c6 6.Qd2 Bf5 7.O-O-O e6 8.Nf3 Be7
9.Ne5 b5 10.Bf4 Qd8 11.Be3 Qa5 12.Bd3 b4 13.Nb1 Ne4 14.Bxe4 Bxe4 15.f3 Bd5
16.a3 O-O 17.axb4 Qa2 18.Qc3 Na6 19.Qa3 Nxb4 20.Qxa2 Nxa2+ 21.Kd2 f6 22.Nd3 Nb4  1/2-1/2

[Event "7th Deizisau Autumn"]
[Site "Deizisau GER"]
[Date "2012.10.29"]
[Round "6.7"]
[White "Toews,M"]
[Black "Bodrozic,T"]
[Result "0-1"]
[WhiteElo "2053"]
[BlackElo "2256"]

1.e4 d5 2.exd5 Qxd5 3.Nc3 Qd6 4.Bc4 Nf6 5.d4 c6 6.Nge2 Bf5 7.Bf4 Qb4 8.Bb3 e6
9.Qd2 Na6 10.a3 Qa5 11.Ne4 Qxd2+ 12.Nxd2 O-O-O 13.Nf3 Nd5 14.Bg3 Be7 15.O-O-O Nac7
16.Bc4 h5 17.Bd3 Bxd3 18.Rxd3 Nf6 19.Ne5 Rdf8 20.f3 h4 21.Bf2 Ncd5 22.c4 Nb6
23.Kc2 Nfd7 24.Nxd7 Nxd7 25.Nc3 Rh5 26.Rd2 Bd6 27.h3 Kb8 28.Re1 Rc8 29.Kb3 a6
30.d5 Bf4 31.Be3 Bg3 32.Red1 cxd5 33.cxd5 e5 34.Ne4 f6 35.Nd6 Rd8 36.Rc2 Bf4
37.Bg1 Rh7 38.Nc4 g6 39.Nb6 Nxb6 40.Bxb6 Re8 41.d6 Rd7 42.Rc7 Red8 43.Rxd7 Rxd7
44.Bc7+ Kc8 45.Kc4 Rh7 46.Kd5 Kd7 47.Rd3 Rh5 48.Rb3 b5 49.Rd3 Rg5 50.Rc3 Rxg2
51.Bb8 Rd2+ 52.Kc5 e4 53.fxe4 Bxd6+ 54.Bxd6 Rxd6 55.Rf3 Rc6+ 56.Kd5 Rd6+
57.Kc5 Re6 58.Kd5 Re5+ 59.Kd4 Ke6 60.Rc3 Kd6 61.Rf3 f5 62.exf5 Rxf5 63.Rc3 g5
64.Rc8 Rf3 65.Rg8 Rg3 66.Rg6+ Ke7 67.Ke5 Kf7 68.Rxa6 Rxh3 69.Kf5 Rg3 70.Rb6 h3
71.Rxb5 h2 72.Rb7+ Ke8 73.Rh7 Rg2 74.a4 g4 75.a5 g3 76.a6 Rxb2 77.Kf4 g2
78.a7 Ra2 79.Rxh2 Ra4+ 80.Ke5 g1=Q 81.a8=Q+ Rxa8 82.Rh8+ Kf7 83.Rxa8 Qc5+
84.Kf4 Qd4+  0-1

[Event "Chigorin Memorial"]
[Site "St Petersburg RUS"]
[Date "2012.10.29"]
[Round "3.168"]
[White "Sladkov,Andrey"]
[Black "Demura,Anna"]
[Result "1-0"]
[WhiteElo "1876"]
[BlackElo "1652"]

1.e4 d5 2.exd5 Qxd5 3.Nc3 Qd6 4.Nf3 Nf6 5.Bb5+ c6 6.Be2 Bf5 7.O-O e6 8.d3 Qc7
9.Nh4 Bg6 10.g3 Nbd7 11.Bf4 Bd6 12.Bxd6 Qxd6 13.Bf3 O-O-O 14.Nxg6 hxg6 15.Ne4 Nxe4
16.Bxe4 Rh6 17.Bg2 Rdh8 18.h3 g5 19.Qe2 f5 20.f4 gxf4 21.Rxf4 g5 22.Rf3 Qd4+
23.Qe3 Qxb2 24.Rc1 Qb6 25.d4 Qd8 26.Qa3 Nb6 27.Rd3 Kb8 28.Qb3 R8h7 29.a4 Kc8
30.Rb1 Qc7 31.a5 Nd5 32.c4 Nf6 33.a6 b6 34.c5 Nd7 35.cxb6 Nxb6 36.Rc3 e5
37.Qg8+ Qd8 38.Qxd8+ Kxd8 39.dxe5 Re7 40.Rxc6 Rxc6 41.Bxc6 Rxe5 42.Rxb6 Kc7
43.Rb5 Re3 44.Kf2 Ra3 45.Bf3 Rxa6 46.Rxf5 Rh6 47.Bg4 Rg6 48.Re5 Kd6 49.Ra5 Rg7
50.Ke3 Re7+ 51.Kd4 Rg7 52.Ra6+ Ke7  1-0

[Event "Chigorin Memorial"]
[Site "St Petersburg RUS"]
[Date "2012.10.30"]
[Round "4.168"]
[White "Belkina,Yulia"]
[Black "Klimshin,Ilia"]
[Result "1/2-1/2"]
[WhiteElo "1850"]
[BlackElo "1734"]

1.e4 d5 2.exd5 Qxd5 3.Nc3 Qd6 4.d4 Nf6 5.Nf3 a6 6.Be2 Nc6 7.O-O Bf5 8.Bd3 Bg6
9.Be3 e6 10.Ne2 Be7 11.Bf4 Qd7 12.c4 Bh5 13.Ne5 Nxe5 14.Bxe5 Bd6 15.f4 Ng4
16.Qd2 Nxe5 17.fxe5 Be7 18.Rad1 O-O-O 19.Be4 Qa4 20.b3 Qd7 21.d5 Bc5+ 22.Kh1 Bg6
23.Qc2 exd5 24.cxd5 Bxe4 25.Qxe4 Bb6 26.d6 Rhe8 27.Nf4 c6 28.Nd3 g6 29.Qb4 Ba7
30.Nc5 Bxc5 31.Qxc5 Kb8 32.Rf4 Qe6 33.Qb6 Rd7 34.Re4 f5 35.Ree1 Rxd6 36.exd6 Qxe1+
37.Qg1 Qxg1+ 38.Kxg1 Rd8 39.Kf2 Kc8 40.Ke3 Kd7 41.Kd4 Kxd6 42.Kc3+ Kc7 43.Re1 Rd7
44.Re2 Kd8 45.Kc4 Rd5 46.a4 Kd7 47.b4 b5+ 48.axb5 axb5+ 49.Kc3 Kd6 50.Re8 Re5
51.Rd8+ Kc7 52.Rh8 Re7 53.g3 Kd6 54.Kd4 Re4+ 55.Kc3 h5 56.Rd8+ Kc7 57.Rg8 Re6
58.Kd4 Kd7 59.Kc5 Re5+ 60.Kb6 Re6  1/2-1/2

[Event "Chigorin Memorial"]
[Site "St Petersburg RUS"]
[Date "2012.10.31"]
[Round "5.172"]
[White "Tarakanova,Valeria"]
[Black "Demura,Anna"]
[Result "1/2-1/2"]
[WhiteElo "1778"]
[BlackElo "1652"]

1.e4 d5 2.exd5 Qxd5 3.Nc3 Qd6 4.d4 Nf6 5.Nf3 c6 6.Be2 e6 7.O-O Qc7 8.Re1 Bd6
9.h3 O-O 10.Be3 Nbd7 11.Qd2 b6 12.Rad1 Bb7 13.Bd3 c5 14.Nb5 Qc6 15.Nxd6 Qxd6
16.dxc5 Qc6 17.cxb6 axb6 18.a3 Rfd8 19.Qe2 Ne5 20.Bb5 Nxf3+ 21.gxf3 Qxf3
22.Qxf3 Bxf3 23.Rd3 Rxd3 24.Bxd3 Nd5 25.Bd4 Ra4 26.c3 Ra8 27.Kh2 Rb8 28.a4 Kf8
29.Bc4 Nc7 30.Kg3 Bc6 31.Be5 Rb7 32.b3 Nd5 33.Bf1 g6 34.Bg2 Ne7 35.Rd1 Nf5+
36.Kh2 Bxg2 37.Kxg2 Ke7 38.Kf3 f6 39.Bf4 e5 40.Be3 h5 41.c4 Ke6 42.Rd5 Nxe3
43.Kxe3 f5 44.h4 Rd7 45.Rxd7 Kxd7 46.f3 Kd6 47.b4 Kc6 48.Kd3 Kd6 49.Ke3 Kc6  1/2-1/2

[Event "Chigorin Memorial"]
[Site "St Petersburg RUS"]
[Date "2012.11.01"]
[Round "6.100"]
[White "Zamyshlyaev,A"]
[Black "Valli,F"]
[Result "0-1"]
[WhiteElo "2080"]
[BlackElo "2240"]

1.e4 d5 2.exd5 Qxd5 3.Nc3 Qd6 4.d4 Nf6 5.Nf3 c6 6.Ne5 Nbd7 7.Nc4 Qc7 8.Qf3 Nb6
9.Bf4 Qd7 10.Nxb6 axb6 11.O-O-O e6 12.Be5 Nd5 13.Bc4 f6 14.Bg3 b5 15.Bb3 Bb4
16.Ne4 O-O 17.Rhg1 b6 18.c3 Be7 19.Qh5 f5 20.Ng5 Bxg5+ 21.Qxg5 h6 22.Qd2 f4
23.Bxd5 Qxd5 24.Bxf4 Rxa2 25.Bg3 e5 26.Qe2 exd4 27.c4 bxc4  0-1

[Event "Chigorin Memorial"]
[Site "St Petersburg RUS"]
[Date "2012.11.01"]
[Round "6.159"]
[White "Aleksandrov,Grigoriy"]
[Black "Klimshin,Ilia"]
[Result "1-0"]
[WhiteElo "1871"]
[BlackElo "1734"]

1.e4 d5 2.exd5 Qxd5 3.Nc3 Qd6 4.Nf3 Nf6 5.d4 a6 6.Be3 Nc6 7.Bc4 Bg4 8.h3 Bh5
9.g4 Bg6 10.Rg1 e6 11.Qd2 Ne4 12.Nxe4 Bxe4 13.Ne5 Nxe5 14.dxe5 Qxd2+ 15.Kxd2 O-O-O+
16.Bd3 Bb4+ 17.Ke2 Bxd3+ 18.cxd3 Rd7 19.Rac1 Kb8 20.Rc4 Be7 21.f4 Rhd8 22.d4 f6
23.f5 fxe5 24.dxe5 Rd5 25.Re4 Re8 26.Rf1 exf5 27.gxf5 Bf6 28.exf6 Rxe4 29.fxg7 Re8
30.f6 Rde5 31.Rf3 Rb5 32.b3  1-0

[Event "16th OIBM 2012"]
[Site "Bad Wiessee GER"]
[Date "2012.11.02"]
[Round "7.19"]
[White "Braun,Christi2"]
[Black "Schnelzer,R"]
[Result "0-1"]
[WhiteElo "2401"]
[BlackElo "2230"]

1.e4 d5 2.exd5 Qxd5 3.Nc3 Qd6 4.d4 Nf6 5.Nf3 c6 6.Ne5 Nbd7 7.Bf4 Nd5 8.Nxd5 Qxd5
9.Be2 Nxe5 10.Bxe5 Qxg2 11.Bf3 Qg5 12.Qe2 f6 13.Bc7 Bh3 14.d5 Rc8 15.Bg3 Kf7
16.Qc4 b5 17.Qb3 cxd5 18.Bxd5+ e6 19.Bb7 Rd8 20.f4 Qc5 21.Bf2 Qf5 22.a4 b4
23.Qe3 Rd7 24.Be4 Qh5 25.Rg1 Be7 26.Bf3 Qh6 27.Rd1 Rhd8 28.Ke2 Bf5 29.Rxd7 Rxd7
30.Rd1 Rc7 31.Bg3 Bxc2 32.Rc1 b3 33.Kf1 Qh3+  0-1

[Event "16th OIBM 2012"]
[Site "Bad Wiessee GER"]
[Date "2012.11.02"]
[Round "7.27"]
[White "Gschwendtner,K"]
[Black "Wacker,P"]
[Result "1/2-1/2"]
[WhiteElo "2141"]
[BlackElo "2299"]

1.e4 d5 2.exd5 Qxd5 3.Nc3 Qd6 4.d4 Nf6 5.g3 Bg4 6.Be2 Bxe2 7.Ngxe2 e6 8.Qd3 c6
9.Bf4 Qd8 10.O-O-O Qa5 11.Kb1 Nbd7 12.f3 Nd5 13.Bc1 Nxc3+ 14.Nxc3 Bb4 15.Ne4 Nf6
16.Nxf6+ gxf6 17.Bh6 Bf8 18.Bd2 Qc7 19.c4 O-O-O 20.Bc3 Be7 21.Qe3 b6 22.Rhe1 h5
23.d5 Rd6 24.dxe6 Rxe6 25.Qd3 Rd6 26.Qf5+ Qd7 27.Qxd7+ Kxd7 28.Rxd6+ Kxd6
29.Re4 Rh7 30.Kc2 f5 31.Re5 f6 32.Rxf5 Ke6 33.Rf4 f5 34.Rd4 Bd6 35.Rh4 Be7
36.Rh3 f4 37.Kd3 h4 38.Ke4 Bg5 39.gxh4 Bh6 40.Be5 Rf7 41.h5 Rf5 42.Bb8 b5
43.Rh4 Rc5 44.cxb5 Rxb5 45.Bxa7 Rxb2 46.Rg4 Re2+ 47.Kd3 Rxa2 48.Rg6+ Kd5
49.Bb8 Ra3+ 50.Ke2 Ra8 51.Rd6+ Kc5 52.Rxh6 Rxb8 53.Kd3 Re8 54.Rg6 Re3+ 55.Kd2 Rxf3
56.h4 Re3 57.h6 Re7 58.Rg7 Re6 59.Rg5+ Kd4 60.Rh5 Re8 61.h7 Rh8 62.Ke2 Ke4
63.Kf2 c5 64.Rxc5 Rxh7 65.h5 Ra7 66.h6 Ra2+ 67.Kg1 Ra1+ 68.Kh2 Ra2+ 69.Kh3 Ra1
70.Rc4+ Ke5 71.Rc5+ Ke4  1/2-1/2

[Event "Chigorin Memorial"]
[Site "St Petersburg RUS"]
[Date "2012.11.02"]
[Round "7.170"]
[White "Biyachuev,Minkail"]
[Black "Klimshin,Ilia"]
[Result "0-1"]
[WhiteElo "1574"]
[BlackElo "1734"]

1.e4 d5 2.exd5 Qxd5 3.Nc3 Qd6 4.d4 Nf6 5.Bf4 Qxf4 6.Nf3 Qd6 7.g3 a6 8.Bg2 Nc6
9.O-O Bg4 10.d5 Ne5 11.Re1 Nxf3+ 12.Bxf3 Bxf3 13.Qxf3 g6 14.Rad1 Bg7 15.b3 O-O
16.Ne4 Nxe4 17.Qxe4 Rfe8 18.c4 Rad8 19.Qh4 Qf6 20.Re4 Qxh4 21.Rxh4 e6 22.Re4 exd5
23.Rxe8+ Rxe8 24.cxd5 Rd8 25.Kg2 Be5 26.f4 Bd6 27.Kf3 Kg7 28.Re1 Bc5 29.Rd1 c6
30.Ke4 cxd5+ 31.Rxd5 Rxd5 32.Kxd5 Bb6 33.h3 Kf6 34.g4 h5 35.a4 hxg4 36.hxg4 g5
37.Ke4 gxf4 38.Kxf4 Ke6 39.Ke4 f6 40.Kf4 Kd5 41.Kf5 Bd4 42.Kf4 Be5+ 43.Ke3 a5
44.Kd3 Kc5 45.Kd2 Kd4 46.Kc2 Ke4 47.Kd2 Kf4 48.Kd3 Kxg4 49.Ke4 Bc3 50.Kd5 f5
51.Kc5 f4 52.Kb6 f3 53.Kxb7 f2 54.b4 f1=Q 55.b5 Qf7+ 56.Kc6 Bd4 57.Kd6 Kf5
58.Kc6 Qe6+ 59.Kb7 Qb6+ 60.Kc8 Qa7 61.b6 Qxb6  0-1

[Event "Chigorin Memorial"]
[Site "St Petersburg RUS"]
[Date "2012.11.02"]
[Round "7.173"]
[White "Zhivotovskaya,Asya"]
[Black "Demura,Anna"]
[Result "1-0"]
[WhiteElo "1660"]
[BlackElo "1652"]

1.e4 d5 2.exd5 Qxd5 3.Nc3 Qd6 4.d4 Nf6 5.Nf3 c6 6.Be2 e6 7.O-O Qc7 8.Ne5 Nbd7
9.f4 Nd5 10.Ne4 Nxe5 11.fxe5 Be7 12.c4 Nb6 13.Bh5 g6 14.Qf3 gxh5 15.Nd6+ Bxd6
16.exd6 Qd7 17.Bg5 Nxc4 18.Be7 Nxd6 19.Bxd6 f5 20.Qxh5+ Qf7 21.Rxf5 Qxh5
22.Rxh5 Kf7 23.Be5 Kg6 24.Rh3 Rf8 25.Rc1 Bd7 26.Rcc3 Rad8 27.Rcg3+ Kf5 28.Rh4  1-0

[Event "Chigorin Memorial"]
[Site "St Petersburg RUS"]
[Date "2012.11.03"]
[Round "8.26"]
[White "Almasi,Z"]
[Black "Tologontegin,S"]
[Result "1-0"]
[WhiteElo "2707"]
[BlackElo "2338"]

1.e4 d5 2.exd5 Qxd5 3.Nc3 Qd6 4.d4 Nf6 5.Nf3 c6 6.Ne5 Be6 7.Bf4 Qd8 8.Qd2 g6
9.O-O-O Nbd7 10.d5 Bxd5 11.Nxd5 Nxd5 12.c4 Qc7 13.cxd5 Nxe5 14.Bxe5 Qxe5
15.dxc6 Qc7 16.Qd7+ Qxd7 17.cxd7+ Kd8 18.g3 Kc7 19.Bh3 e6 20.Rd3 Rd8 21.Rhd1 h5
22.Rc3+ Kb8 23.Bg2 h4 24.g4 h3 25.Bxh3 Bh6+ 26.Kb1 Bf4 27.Rb3 b6 28.Bf1 Rxh2
29.Rf3 g5 30.Ba6 Rh7 31.Rc3 Bc7 32.Bb5 f6 33.a3 Be5 34.Rc2 a6 35.Bc6 Rh4
36.Bf3 Rh7 37.Bc6 Rh4 38.Be4 Bc7 39.f3 Rh2 40.Rc6 Rf2 41.Rxe6 Ka7 42.Rc1 Rxd7
43.Re8 Bb8 44.Rcc8 Rd1+ 45.Ka2 Rdd2 46.Re7+  1-0

[Event "Chigorin Memorial"]
[Site "St Petersburg RUS"]
[Date "2012.11.03"]
[Round "8.173"]
[White "Gantsevich,Aleksey A."]
[Black "Demura,Anna"]
[Result "0-1"]
[WhiteElo "1626"]
[BlackElo "1652"]

1.e4 d5 2.exd5 Qxd5 3.Nc3 Qd6 4.d4 Nf6 5.Nf3 c6 6.Ne5 Bf5 7.Nc4 Qc7 8.Be2 e6
9.O-O Be7 10.Be3 O-O 11.Qd2 Nbd7 12.Bf4 Qc8 13.Rfe1 Nd5 14.Nxd5 cxd5 15.Ne3 Bg6
16.c3 Nf6 17.Bf3 Be4 18.Bxe4 Nxe4 19.Qd3 Bd6 20.Bxd6 Nxd6 21.f3 Nc4 22.Nxc4 dxc4
23.Qe4 b5 24.Kf1 Rd8 25.Rad1 Rd5 26.a3 a5 27.Ra1 Qc6 28.Kf2 h6 29.h3 Qd6
30.b4 cxb3 31.Rab1 a4 32.Rb2 Rc8 33.Qd3 Rdc5 34.Rc1 Rc4 35.Ra1 Rxc3 36.Qxb5 Qxd4+
37.Kg3 Rc2 38.Rxc2 bxc2 39.Rc1 Qc4 40.Qxc4 Rxc4 41.Kf2 Kf8 42.Ke2 Rc3 43.Kd2 Rxa3
44.Rxc2 Ke7 45.Rc7+ Kf6 46.g4 Rxf3 47.Rc4 a3  0-1

[Event "4NCL 2012-13"]
[Site "Sunningdale ENG"]
[Date "2012.11.03"]
[Round "1.134"]
[White "Bisby,D"]
[Black "Grafl,F"]
[Result "1/2-1/2"]
[WhiteElo "2288"]
[BlackElo "2373"]

1.e4 d5 2.exd5 Qxd5 3.Nc3 Qd6 4.d4 Nf6 5.Nf3 c6 6.Ne5 Nbd7 7.Bf4 Nd5 8.Nxd5 Qxd5
9.Be2 Nxe5 10.Bxe5 Qxg2 11.Bf3 Qg6 12.Qe2 h5 13.h3 Be6 14.c4 Bf5 15.d5 cxd5
16.cxd5 Qa6 17.Qxa6 bxa6 18.Rc1 Rc8 19.Ke2 Bxh3 20.Rxc8+ Bxc8 21.Rc1 Bd7
22.Rc7 f6 23.Bh2 g5 24.Rxa7 g4 25.Be4 f5 26.Bd3 Bg7 27.Bxa6 Bxb2 28.Bc4 Bd4
29.Rb7 Rh6 30.Rb8+ Kf7 31.d6+ e6 32.Rb7 Ke8 33.Rb8+ Kf7 34.Rb7 Ke8 35.Rb8+ Kf7  1/2-1/2